00597nam a22002057a 450000500170000001000130001702000230003003500130005303700160006604000120008208200130009424501020010726000360020927000360024530000210028150000190030265000150032165000340033670000210037020170124110158.0 aB-091466 c430.00a8170950929 aB-091466 bCen Lib/Ret aDPLbEN a080bIND aIndia looks ahead :cedited by B.VivekanandanbJayaprakash Narayan memorial lectures, 1990-2001 / aNew DelhibLancer's Booksc2002 aP.O.Box 4236bNew Delhie110048 a220p. c21cm(Hb) aIncludes index aSecularism aSocio-economic transformation aVivekanandan, B.